000 00348pam a2200157a 44500
008 230515b2008 xxu||||| |||| 00| 0 eng d
020 _aNULL
041 _aENGLISH
082 _a620.1 RAM
100 _aS RAMAMRUTHAM
245 _aENGINEERING MECHANICS
250 _a9
260 _aPUNE
_bDHANPAT RAI
_c2008
300 _a896
650 _aNULL
999 _c640899
_d640899